000 01054nam a2200265Ia 4500
003 OSt
005 20220923211605.0
006 a|||||r|||| 00| 0
007 ta
008 220922b |||||||| |||| 00| 0 san d
020 _a9789387677029 (hbk)
_c1200
024 _a349,433
037 _b266/1, 18/01/2019, Vidyanidhi Prakashan
_cTextual
040 _aARTS
_cARTS
_bsan
041 _2san
_asan
082 _aR6, 152Q8
100 _aशशिप्रभा कुमार, ले.
245 0 _aभारतीय चिन्तन में कर्म एवं पुनर्जन्म - सिद्धान्त
246 _aBhāratīya chintan mean karma evan punarjanma - siddhānta
260 _aदिल्ली
_b उपासना पब्लिकेशन्स
_c2018
300 _a439पृ0
_ccm.
650 _aभारतीय दर्शन
942 _hR6, 152Q8
_cTEXL
_2CC
999 _c301121
_d301121